[Event "17. Bayer Open"]
[Site "Leverkusen"]
[Date "2019.02.11"]
[Round "4.12"]
[White "Bär, Marco"]
[Black "Alexopoulos, Spiros Orestis"]
[Result "1-0"]
[WhiteElo "2088"]
[BlackElo "1863"]
[PlyCount "78"]
[EventDate "2019.??.??"]
[WhiteTeam "SC Bayer Leverkusen"]
[BlackTeam "Aachener SV"]

1. d4 d5 2. Nc3 Bf5 3. f3 e6 4. e4 Bg6 5. Be3 Bb4 6. h4 h6 7. h5 Bh7 8. Bd3 Nf6
9. e5 Nfd7 10. Bxh7 Rxh7 11. Qd3 Rh8 12. f4 c6 13. Nge2 Na6 14. a3 Be7 15.
O-O-O Qa5 16. f5 O-O-O 17. fxe6 fxe6 18. Qg6 Bxa3 19. bxa3 Nb6 20. Nb1 Na4 21.
Qd3 Kb8 22. Bd2 Qc7 23. Qb3 b5 24. Nf4 Rhe8 25. Nd3 Ka8 26. Nb2 Nb6 27. Ba5 Rb8
28. Nd3 Qd7 29. Bxb6 axb6 30. a4 bxa4 31. Qxa4 Kb7 32. Qa3 Nc7 33. Nc3 Ra8 34.
Qd6 Qc8 35. Nb4 Na6 36. Rhf1 Nxb4 37. Rf7+ Ka6 38. Qxb4 b5 39. Kd2 c5 1-0

[Event "17. Bayer Open"]
[Site "Leverkusen"]
[Date "2019.02.11"]
[Round "4.13"]
[White "ter Steeg, Marcus"]
[Black "Blomeyer, Peter"]
[Result "1/2-1/2"]
[WhiteElo "2068"]
[BlackElo "1806"]
[PlyCount "55"]
[EventDate "2019.??.??"]
[WhiteTeam "SF Essen-Werden"]
[BlackTeam "Königsspringer Leverkusen"]

1. d4 d6 2. Nf3 Nf6 3. c4 g6 4. Nc3 Bg7 5. e4 O-O 6. Be2 c6 7. O-O Qc7 8. Be3
e5 9. d5 Na6 10. Nd2 Qd7 11. h3 Qe7 12. Rb1 Nc7 13. Nb3 Nd7 14. Qd2 f5 15. exf5
gxf5 16. f4 c5 17. fxe5 Nxe5 18. Bh6 Bd7 19. Bxg7 Qxg7 20. Kh2 Rf6 21. Qf4 Raf8
22. Kg1 Rh6 23. Kh2 Ne8 24. Nc1 Rff6 25. Nd3 Rfg6 26. Rf2 Ng4+ 27. Bxg4 fxg4
28. Ne4 1/2-1/2

[Event "17. Bayer Open"]
[Site "Leverkusen"]
[Date "2019.02.11"]
[Round "4.14"]
[White "Moors, Christoph"]
[Black "Kemper, Michael"]
[Result "0-1"]
[WhiteElo "1968"]
[BlackElo "1854"]
[PlyCount "76"]
[EventDate "2019.??.??"]
[WhiteTeam "SC Erkrath"]
[BlackTeam "SV Dormagen"]

1. d4 Nf6 2. c4 e5 3. dxe5 Ng4 4. Bf4 Nc6 5. Nf3 Bb4+ 6. Nbd2 Qe7 7. e3 Ngxe5
8. Nxe5 Nxe5 9. Be2 d6 10. O-O O-O 11. Nb3 b6 12. Nd4 a5 13. Nc2 Bc5 14. b3 Bf5
15. a3 Rad8 16. Nd4 Be4 17. Qd2 Rfe8 18. b4 axb4 19. axb4 Bxd4 20. Qxd4 Ng6 21.
Bg3 f5 22. Bh5 Qg5 23. Bxg6 Qxg6 24. Ra7 h5 25. f3 c5 26. Qb2 Bd3 27. Rd1 Rxe3
28. Bf2 Re2 29. Qc3 Bc2 30. Rc1 f4 31. Ra2 Bd3 32. Rxe2 Bxe2 33. Qd2 Bxf3 34.
Bh4 Re8 35. Qf2 Bc6 36. bxc5 dxc5 37. Rc2 f3 38. g3 Qd3 0-1

[Event "17. Bayer Open"]
[Site "Leverkusen"]
[Date "2019.02.11"]
[Round "4.15"]
[White "Nasoyan, Maksim"]
[Black "Meckel, Helmut"]
[Result "1-0"]
[WhiteElo "1987"]
[BlackElo "1844"]
[PlyCount "47"]
[EventDate "2019.??.??"]
[WhiteTeam "SG Ennepe-Ruhr-Süd"]
[BlackTeam "SG Solingen"]

1. e4 e6 2. d4 d5 3. Nc3 Nf6 4. Bg5 Bb4 5. e5 h6 6. Bc1 Ne4 7. Qg4 Kf8 8. a3
Bxc3+ 9. bxc3 c5 10. Bd3 Qa5 11. Ne2 cxd4 12. O-O dxc3 13. Bxe4 dxe4 14. Rd1
Nc6 15. Qxe4 Ne7 16. Nxc3 Bd7 17. Rxd7 Qxc3 18. Rb1 Qc6 19. Qxc6 Nxc6 20. Rbxb7
Nxe5 21. Rxa7 Rc8 22. Rdc7 Rd8 23. f4 Ng4 24. Rxf7+ 1-0

[Event "17. Bayer Open"]
[Site "Leverkusen"]
[Date "2019.02.11"]
[Round "4.16"]
[White "Kamphausen, Johannes-Dieter"]
[Black "Kuhn, Andreas"]
[Result "0-1"]
[WhiteElo "1739"]
[BlackElo "1973"]
[PlyCount "100"]
[EventDate "2019.??.??"]
[WhiteTeam "SV Springer Hitdorf"]
[BlackTeam "SG Niederkassel"]

1. e4 d6 2. d4 Nf6 3. Nc3 Nbd7 4. Nf3 e5 5. Be2 Be7 6. O-O c6 7. a4 O-O 8. Bd3
Re8 9. a5 Rb8 10. Re1 Qc7 11. b3 b5 12. b4 a6 13. Ne2 d5 14. dxe5 Ng4 15. exd5
Ngxe5 16. Nxe5 Nxe5 17. Bf4 Bxb4 18. c3 Bd6 19. Nd4 Bg4 20. Qc2 Nxd3 21. Bxd6
Nxe1 22. Qxh7+ Kxh7 23. Bxc7 Rbc8 24. d6 Nd3 25. Nxc6 Ne5 26. Nd4 Bd7 27. f4
Nd3 28. Nb3 Re2 29. Nd4 Re1+ 30. Rxe1 Nxe1 31. Kf2 Nd3+ 32. Ke3 Nc5 33. Nf3 Ne6
34. Ne5 Nxc7 35. Nxd7 Ne8 36. Nb6 Rd8 37. d7 Nf6 38. c4 bxc4 39. Nxc4 Rxd7 40.
Ne5 Rc7 41. Kd4 Kg8 42. g4 Kf8 43. g5 Nd7 44. Nc4 g6 45. h4 Nc5 46. Kd5 Ne6 47.
Nb6 Rc5+ 48. Kd6 Rxa5 49. Nd7+ Kg7 50. h5 gxh5 0-1

[Event "17. Bayer Open"]
[Site "Leverkusen"]
[Date "2019.02.11"]
[Round "4.17"]
[White "Schülke, Tilman"]
[Black "Schäde, Maximilian"]
[Result "1-0"]
[WhiteElo "1843"]
[BlackElo "1839"]
[PlyCount "52"]
[EventDate "2019.??.??"]
[WhiteTeam "Düsseldorfer SV"]
[BlackTeam "SF Brackel"]

1. d4 d5 2. c3 Nf6 3. Bg5 c5 4. Bxf6 gxf6 5. e3 Qb6 6. Qd2 cxd4 7. cxd4 Bf5 8.
Nc3 e6 9. Nge2 Nc6 10. Ng3 Bg6 11. Bb5 Bd6 12. Nge2 Ke7 13. Bd3 Rag8 14. Bxg6
Rxg6 15. g3 h5 16. h4 Na5 17. Rb1 Nc4 18. Qd3 Rc8 19. b3 Na5 20. Rc1 Ba3 21.
Nxd5+ exd5 22. Rxc8 Bb4+ 23. Kf1 Qe6 24. Rc2 Bd6 25. Nf4 Bxf4 26. exf4 Kf8 1-0

[Event "17. Bayer Open"]
[Site "Leverkusen"]
[Date "2019.02.11"]
[Round "4.18"]
[White "Axmann, Michael"]
[Black "Henseler, Klaus"]
[Result "0-1"]
[WhiteElo "1709"]
[BlackElo "1784"]
[PlyCount "48"]
[EventDate "2019.??.??"]
[WhiteTeam "SC Bayer Leverkusen"]
[BlackTeam "SC Bayer Leverkusen"]

1. d4 Nf6 2. c4 g6 3. Nc3 Bg7 4. e4 O-O 5. f3 d6 6. Be3 Nc6 7. Qd2 a6 8. O-O-O
Rb8 9. Be2 e5 10. d5 Nd4 11. Bxd4 exd4 12. Qxd4 Bd7 13. Qf2 b5 14. cxb5 axb5
15. g4 Rb6 16. h4 Qa8 17. h5 b4 18. Nb1 Qxa2 19. Bd3 Rfb8 20. Nh3 c6 21. hxg6
hxg6 22. Rd2 cxd5 23. g5 Nh5 24. f4 Rc6+ 0-1

[Event "17. Bayer Open"]
[Site "Leverkusen"]
[Date "2019.02.11"]
[Round "4.19"]
[White "Hansel, Rainer"]
[Black "Bigott, Martin"]
[Result "1/2-1/2"]
[WhiteElo "1948"]
[BlackElo "1762"]
[PlyCount "31"]
[EventDate "2019.??.??"]
[WhiteTeam "SF Köln-Longerich"]
[BlackTeam "SF Lohmar"]

1. e4 Nf6 2. e5 Nd5 3. c4 Nb6 4. c5 Nd5 5. Bc4 e6 6. d4 d6 7. cxd6 cxd6 8. Nf3
Nb6 9. Bb5+ Bd7 10. Qe2 Nc6 11. Nc3 a6 12. Bd3 Nb4 13. Bb1 N4d5 14. Bd3 Nb4 15.
Bb1 N4d5 16. Bd3 1/2-1/2

[Event "17. Bayer Open"]
[Site "Leverkusen"]
[Date "2019.02.11"]
[Round "4.20"]
[White "Meyer-Kahlen, Stefan"]
[Black "Yon, Gregory"]
[Result "1-0"]
[WhiteElo "1941"]
[BlackElo "1565"]
[PlyCount "83"]
[EventDate "2019.??.??"]
[WhiteTeam "SC Erkrath"]
[BlackTeam "Bergische SF"]

1. d4 d6 2. Nf3 Nf6 3. c4 Nbd7 4. Nc3 c6 5. e4 e5 6. d5 Be7 7. Be2 Nc5 8. Qc2
O-O 9. b4 Ncd7 10. a3 Re8 11. O-O Nf8 12. Rd1 Ng6 13. h3 Bd7 14. Be3 Qc8 15.
dxc6 bxc6 16. Bf1 Nf4 17. Bxf4 exf4 18. Qd2 Qc7 19. Qxf4 a5 20. c5 axb4 21.
cxd6 Qb8 22. e5 Nh5 23. Qxb4 Qxb4 24. axb4 Bf8 25. b5 Rxa1 26. Rxa1 cxb5 27.
Bxb5 Bxb5 28. Nxb5 Nf4 29. Nc7 Rd8 30. Nd4 h6 31. Nc6 Rd7 32. Ra8 Ng6 33. Nd5
f6 34. Nb6 Nxe5 35. Nxd7 Nxd7 36. Ra7 Bxd6 37. Rxd7 Bc5 38. Nd4 Bb4 39. Ne6 g5
40. g4 Bc3 41. Kg2 Be5 42. Kf3 1-0

[Event "17. Bayer Open"]
[Site "Leverkusen"]
[Date "2019.02.11"]
[Round "4.21"]
[White "Lasser, Rene"]
[Black "Scharff, Klaus"]
[Result "0-1"]
[WhiteElo "1410"]
[BlackElo "1872"]
[PlyCount "91"]
[EventDate "2019.??.??"]
[WhiteTeam "Königsspringer Leverkusen"]
[BlackTeam "SV Opladen"]

1. e4 e6 2. d4 d6 3. f4 g6 4. Nf3 Bg7 5. c3 Ne7 6. Bd3 Nd7 7. O-O O-O 8. h4 h5
9. Nbd2 Nf6 10. Ng5 Ng4 11. Ndf3 f6 12. Nh3 c6 13. Nh2 f5 14. Nxg4 hxg4 15. Nf2
Bd7 16. e5 Qc7 17. Qc2 Rad8 18. g3 c5 19. Nxg4 fxg4 20. Bxg6 Nf5 21. Bxf5 exf5
22. Qb3+ c4 23. exd6 Qxd6 24. Qxc4+ Be6 25. Qb5 Bd5 26. Bd2 Bc6 27. Qc4+ Bd5
28. Qb5 a6 29. Qa4 b5 30. Qa3 Qc6 31. Qc5 Qxc5 32. dxc5 Bc4 33. Rf2 Rd3 34. a4
Rxg3+ 35. Kh2 Rh3+ 36. Kg1 Re8 37. axb5 axb5 38. Re1 Rxe1+ 39. Bxe1 b4 40. Rh2
Re3 41. Bf2 Rd3 42. cxb4 Rd1+ 43. Kg2 Bd5+ 44. Kg3 Rd3+ 45. Be3 Rxe3+ 46. Kf2
0-1

[Event "17. Bayer Open"]
[Site "Leverkusen"]
[Date "2019.02.11"]
[Round "4.22"]
[White "Elsweiler, Karl-Heinz"]
[Black "Birnkott, Manfred"]
[Result "0-1"]
[WhiteElo "1565"]
[BlackElo "1838"]
[PlyCount "62"]
[EventDate "2019.??.??"]
[WhiteTeam "SV Opladen"]
[BlackTeam "SC Bayer Leverkusen"]

1. Nf3 Nf6 2. g3 g6 3. Bg2 Bg7 4. d4 d5 5. O-O O-O 6. Nbd2 b6 7. Re1 Bb7 8. c3
Nbd7 9. Qc2 c5 10. dxc5 Nxc5 11. Nd4 e5 12. N4b3 Ne6 13. e4 Rc8 14. exd5 Nxd5
15. a3 a5 16. Nf1 a4 17. Nbd2 b5 18. Qd3 Nc5 19. Qe2 Qc7 20. Ne3 Nxe3 21. Qxe3
Bxg2 22. Kxg2 f5 23. Qe2 Qc6+ 24. Kg1 f4 25. Nf3 fxg3 26. Nxe5 gxf2+ 27. Qxf2
Bxe5 28. Qe2 Rce8 29. Bh6 Bg7 30. Be3 Bh6 31. Rf1 Bxe3+ 0-1

[Event "17. Bayer Open"]
[Site "Leverkusen"]
[Date "2019.02.11"]
[Round "4.23"]
[White "Kinnert, Reinhard"]
[Black "Raupach, Gregor"]
[Result "0-1"]
[WhiteElo "1603"]
[BlackElo "1876"]
[PlyCount "76"]
[EventDate "2019.??.??"]
[WhiteTeam "TV Witzhelden"]
[BlackTeam "SF Stadtverwaltung Bonn"]

1. c4 Nf6 2. Nc3 e6 3. g3 d5 4. cxd5 exd5 5. Bg2 c6 6. a3 a5 7. Nf3 Nbd7 8. d4
Bd6 9. O-O O-O 10. Re1 Re8 11. Be3 Nf8 12. Qc1 Bf5 13. Bf4 Ng6 14. Bxd6 Qxd6
15. Qg5 Bd7 16. Rad1 Re7 17. Qc1 Rae8 18. Nd2 Bf5 19. Nf1 Qd7 20. Ne3 Bh3 21.
Qd2 h5 22. Rb1 h4 23. b4 hxg3 24. hxg3 axb4 25. axb4 Rxe3 26. Bf3 R3e7 27. e3
Qf5 28. Qe2 Qg5 29. Kh2 Bf5 30. Ra1 Ng4+ 31. Kg2 Nxe3+ 32. fxe3 Rxe3 33. Qf2
Nh4+ 34. Kg1 Nxf3+ 35. Qxf3 Rxe1+ 36. Rxe1 Rxe1+ 37. Kg2 Qd2+ 38. Qf2 Bh3+ 0-1

[Event "17. Bayer Open"]
[Site "Leverkusen"]
[Date "2019.02.11"]
[Round "4.24"]
[White "Sohlmann, Jan-Henning"]
[Black "Linke, Michael"]
[Result "1/2-1/2"]
[WhiteElo "2185"]
[BlackElo "1819"]
[PlyCount "93"]
[EventDate "2019.??.??"]
[WhiteTeam "SV Welper"]

1. e4 e6 2. d4 d5 3. Nc3 Bb4 4. a3 Bf8 5. Nf3 b6 6. Bf4 Bd6 7. Qd2 Bb7 8. e5
Bf8 9. b4 Ne7 10. Bd3 a5 11. b5 g6 12. Bh6 Kd7 13. O-O Nf5 14. Bxf8 Qxf8 15.
Ne2 Kc8 16. Rfc1 Nd7 17. c4 dxc4 18. Rxc4 Bd5 19. Rc3 Kb7 20. Nf4 Bxf3 21. gxf3
Rc8 22. Rac1 Qd8 23. Be4+ Kb8 24. R3c2 h5 25. Qc3 Ne7 26. Ng2 f5 27. Bc6 Nf8
28. Ne3 Nxc6 29. bxc6 f4 30. Qd3 Ka7 31. Rc5 Rb8 32. Qc3 Qc8 33. Rxa5+ bxa5 34.
Qxa5+ Qa6 35. Qxc7+ Ka8 36. Nc4 Rh7 37. Qd6 Rc8 38. Qc5 Rxc6 39. Qxf8+ Ka7 40.
Rb1 Rb7 41. Rxb7+ Qxb7 42. Nd2 g5 43. Qd8 g4 44. Qa5+ Kb8 45. Qd8+ Ka7 46. Qa5+
Kb8 47. Qd8+ 1/2-1/2

[Event "17. Bayer Open"]
[Site "Leverkusen"]
[Date "2019.02.11"]
[Round "4.26"]
[White "Friedsam, Manfred"]
[Black "Gnass, Arno"]
[Result "0-1"]
[WhiteElo "1757"]
[BlackElo "1592"]
[PlyCount "100"]
[EventDate "2019.??.??"]
[WhiteTeam "Königsspringer Leverkusen"]
[BlackTeam "Bergische SF"]

1. e4 c6 2. d4 d5 3. e5 Bf5 4. Nc3 e6 5. g4 Bg6 6. Nge2 c5 7. Nf4 cxd4 8. Nxg6
hxg6 9. Bb5+ Nc6 10. Qxd4 a6 11. Bxc6+ bxc6 12. Be3 c5 13. Qa4+ Qd7 14. Qxd7+
Kxd7 15. Na4 Kc6 16. O-O-O Rh4 17. h3 Be7 18. f4 Rh7 19. Bd2 f6 20. exf6 Nxf6
21. Rde1 Ne4 22. Nc3 Nxd2 23. Rxe6+ Kd7 24. Rhe1 Ne4 25. Nxe4 dxe4 26. R1xe4
Bd6 27. Rxg6 Kc6 28. Ree6 Rd8 29. c4 Rxh3 30. Rxg7 Rh1+ 31. Kc2 Rh2+ 32. Kb3
Rb8+ 33. Kc3 Rbxb2 34. Rgg6 Rhc2+ 35. Kd3 Rd2+ 36. Kc3 Rxa2 37. Kb3 Rab2+ 38.
Kc3 Ra2 39. Kb3 Ra1 40. g5 Rad1 41. f5 a5 42. Rg8 Rd3+ 43. Kc2 a4 44. Ra8 R1d2+
45. Kc1 Rg2 46. g6 a3 47. Rf6 a2 48. Rxa2 Rxa2 49. g7 Rg3 50. Rg6 Rxg6 0-1

[Event "17. Bayer Open"]
[Site "Leverkusen"]
[Date "2019.02.11"]
[Round "4.27"]
[White "Morschel, Steffen"]
[Black "Gutt, Oswald"]
[Result "1/2-1/2"]
[WhiteElo "1744"]
[BlackElo "1868"]
[PlyCount "29"]
[EventDate "2019.??.??"]
[WhiteTeam "SV Horrem"]
[BlackTeam "Bergische SF"]

1. e4 c5 2. Nc3 e6 3. f4 d5 4. e5 Nc6 5. Nf3 Nh6 6. Bb5 Bd7 7. Bxc6 Bxc6 8. d4
Nf5 9. Ne2 Qb6 10. g4 Nxd4 11. Nexd4 cxd4 12. Nxd4 Be7 13. c3 g6 14. Qe2 O-O-O
15. Be3 1/2-1/2

[Event "17. Bayer Open"]
[Site "Leverkusen"]
[Date "2019.02.11"]
[Round "4.28"]
[White "van Schyndel, Andreas"]
[Black "Ipekyilmaz, Tayfun"]
[Result "1/2-1/2"]
[WhiteElo "1734"]
[BlackElo "1687"]
[PlyCount "30"]
[EventDate "2019.??.??"]
[WhiteTeam "SV Grünfeld"]
[BlackTeam "Langenfelder SF"]

1. d4 Nf6 2. c4 e5 3. dxe5 Ng4 4. Bf4 g5 5. Bg3 Bg7 6. Nf3 Nc6 7. e3 Ngxe5 8.
Nc3 d6 9. Be2 h5 10. h4 g4 11. Nd2 O-O 12. Nd5 Ng6 13. Qc2 Nce5 14. f4 gxf3 15.
gxf3 c6 1/2-1/2

[Event "17. Bayer Open"]
[Site "Leverkusen"]
[Date "2019.02.11"]
[Round "4.29"]
[White "Witte, Volker"]
[Black "Ziabari, Morteza"]
[Result "1-0"]
[WhiteElo "1601"]
[BlackElo "1891"]
[PlyCount "71"]
[EventDate "2019.??.??"]
[WhiteTeam "SF Schlebusch"]
[BlackTeam "Kettwiger SG"]

1. d4 d5 2. c4 e6 3. cxd5 exd5 4. Nc3 c6 5. Qc2 Nf6 6. Bg5 Bb4 7. e3 Be6 8. Bd3
Nbd7 9. Nge2 h6 10. Bh4 g5 11. Bg3 Qe7 12. h4 Qf8 13. a3 Ba5 14. O-O-O a6 15.
Na2 Rc8 16. Kb1 b5 17. hxg5 hxg5 18. Rxh8 Qxh8 19. b4 Bd8 20. Bd6 Be7 21. Bc5
Nxc5 22. dxc5 Qh2 23. Nd4 Qxg2 24. Nxe6 fxe6 25. Bg6+ Kd7 26. Nc3 Rf8 27. e4
Kc7 28. exd5 cxd5 29. Qe2 Qg4 30. Nxd5+ Kb7 31. Qxg4 Nxg4 32. Nxe7 Nxf2 33.
Rd7+ Kb8 34. c6 g4 35. c7+ Ka8 36. Rd8+ 1-0

[Event "17. Bayer Open"]
[Site "Leverkusen"]
[Date "2019.02.11"]
[Round "4.30"]
[White "Boschek, Hans-Joachim"]
[Black "Stuch, Hans-Ferdinand"]
[Result "1-0"]
[WhiteElo "1818"]
[BlackElo "1541"]
[PlyCount "49"]
[EventDate "2019.??.??"]
[WhiteTeam "SG Solingen"]
[BlackTeam "Godesberger SK"]

1. Nf3 Nf6 2. c4 d6 3. g3 e5 4. d3 Be7 5. Bg2 Nbd7 6. Nc3 c6 7. e4 O-O 8. O-O
a5 9. d4 exd4 10. Nxd4 Ne5 11. b3 Re8 12. h3 Qc7 13. Be3 Ned7 14. Nf5 Bf8 15.
Bf4 Ne5 16. Nd4 Ng6 17. Bg5 Be7 18. Qc2 h6 19. Be3 Nh7 20. f4 Bf6 21. Rae1 Bd7
22. Qf2 Qc8 23. Kh2 Nhf8 24. Na4 Ra6 25. c5 1-0

[Event "17. Bayer Open"]
[Site "Leverkusen"]
[Date "2019.02.11"]
[Round "4.31"]
[White "Blumenthal, Ralf"]
[Black "Schläbitz, Joel"]
[Result "1-0"]
[WhiteElo "1827"]
[BlackElo "1632"]
[PlyCount "61"]
[EventDate "2019.??.??"]
[WhiteTeam "SK Turm Euskirchen"]
[BlackTeam "SF Köln-Longerich"]

1. Nf3 Nf6 2. c4 c5 3. Nc3 g6 4. g3 Bg7 5. Bg2 O-O 6. O-O Nc6 7. d4 cxd4 8.
Nxd4 Nxd4 9. Qxd4 d6 10. Rd1 Qc7 11. Qd3 Be6 12. b3 Bf5 13. Qe3 Ng4 14. Qd2 Qc5
15. e3 d5 16. Bb2 dxc4 17. bxc4 Qxc4 18. Nd5 Qc5 19. Bxg7 Kxg7 20. Qb2+ f6 21.
Rac1 Qa5 22. Nxe7 Be6 23. Nd5 Rf7 24. Nf4 Qxa2 25. Nxe6+ Qxe6 26. Bd5 Qe5 27.
Qxe5 Nxe5 28. Bxf7 Nxf7 29. Rc7 Kg8 30. Rxb7 a5 31. Rdd7 1-0

[Event "17. Bayer Open"]
[Site "Leverkusen"]
[Date "2019.02.11"]
[Round "4.32"]
[White "Paul, André David"]
[Black "Beyer, Fabian"]
[Result "1/2-1/2"]
[WhiteElo "1658"]
[BlackElo "1718"]
[PlyCount "57"]
[EventDate "2019.??.??"]
[WhiteTeam "Kölner SK Dr. Lasker"]
[BlackTeam "SG Solingen"]

1. d4 Nf6 2. c4 e6 3. Nc3 c5 4. d5 exd5 5. cxd5 d6 6. g3 g6 7. Bg5 Bg7 8. Ne4
Qe7 9. Nxf6+ Bxf6 10. Bxf6 Qxf6 11. Qd2 O-O 12. Bg2 Nd7 13. Nf3 b5 14. O-O Re8
15. Rfe1 a5 16. e4 Bb7 17. Re3 Nb6 18. Qc2 Nc4 19. Re2 a4 20. Rb1 a3 21. b3 Ne5
22. Nxe5 Qxe5 23. f4 Qd4+ 24. Kh1 b4 25. Rd1 Qg7 26. Rde1 Ba6 27. Rd2 f6 28.
Bf1 Bxf1 29. Rxf1 1/2-1/2

[Event "17. Bayer Open"]
[Site "Leverkusen"]
[Date "2019.02.11"]
[Round "4.33"]
[White "Diaubalick, Ulrich"]
[Black "Vulic, Goran"]
[Result "0-1"]
[WhiteElo "1504"]
[BlackElo "1822"]
[PlyCount "48"]
[EventDate "2019.??.??"]
[WhiteTeam "SF Düsseldorf-Süd"]
[BlackTeam "Brühler SK"]

1. e4 e5 2. Nf3 Nc6 3. Bc4 Bc5 4. c3 Nf6 5. d3 h6 6. b4 Bb6 7. a4 a6 8. O-O d6
9. Qe2 Bg4 10. Be3 Bxe3 11. Qxe3 O-O 12. Nbd2 Nh5 13. h3 Be6 14. Bd5 Bxd5 15.
exd5 Ne7 16. c4 Nf4 17. d4 f6 18. dxe5 fxe5 19. Ne4 Nf5 20. Qd2 Qe8 21. Ng3 Qg6
22. Ra3 Nxg3 23. fxg3 Qxg3 24. Kh1 e4 0-1

[Event "17. Bayer Open"]
[Site "Leverkusen"]
[Date "2019.02.11"]
[Round "4.34"]
[White "Garcia Unterbusch, Juan"]
[Black "Höfer, Severin Paul"]
[Result "0-1"]
[WhiteElo "1456"]
[BlackElo "1919"]
[PlyCount "86"]
[EventDate "2019.??.??"]
[WhiteTeam "Pulheimer SC"]
[BlackTeam "SF Stadtverwaltung Bonn"]

1. e4 c6 2. d4 d5 3. exd5 cxd5 4. Nf3 Nf6 5. h3 Bf5 6. Bd3 Bxd3 7. Qxd3 e6 8.
O-O Bd6 9. Bg5 Nbd7 10. Nbd2 h6 11. Bh4 g5 12. Bg3 Bxg3 13. fxg3 g4 14. Ne5 Qb6
15. Kh2 gxh3 16. gxh3 Nxe5 17. dxe5 Ne4 18. Nxe4 dxe4 19. Qxe4 O-O-O 20. Qf4
Rd7 21. Qf2 Qa5 22. Rad1 Rhd8 23. Rd3 Qxa2 24. Rfd1 Rxd3 25. cxd3 Kb8 26. Kg1
Qb3 27. Rd2 Rxd3 28. Rxd3 Qxd3 29. Kh2 Qd7 30. Qe3 Qd1 31. Kg2 Qc2+ 32. Qf2
Qxf2+ 33. Kxf2 Kc7 34. Kf3 Kd7 35. Kg4 a5 36. Kh5 b5 37. Kxh6 a4 38. Kg7 b4 39.
h4 a3 40. bxa3 bxa3 41. h5 a2 42. h6 a1=Q 43. h7 Qxe5+ 0-1

[Event "17. Bayer Open"]
[Site "Leverkusen"]
[Date "2019.02.11"]
[Round "4.35"]
[White "Büttgenbach, Uwe Eugen"]
[Black "Jiritschka, Wolfgang"]
[Result "1/2-1/2"]
[WhiteElo "1493"]
[BlackElo "1795"]
[PlyCount "117"]
[EventDate "2019.??.??"]
[WhiteTeam "Ford SF Köln"]
[BlackTeam "SC Bayer Leverkusen"]

1. e4 c5 2. Nf3 e6 3. d4 cxd4 4. Nxd4 a6 5. Nc3 Qc7 6. a3 Nf6 7. Bg5 Be7 8. f4
d6 9. Qf3 Nc6 10. O-O-O O-O 11. Be2 Bd7 12. Qg3 Rfd8 13. f5 Nxd4 14. Rxd4 Bc6
15. fxe6 fxe6 16. Bh6 Ne8 17. Rf1 Bf6 18. Rd3 Rac8 19. Bd1 Qe7 20. Rdf3 Kh8 21.
Be3 b5 22. Bb6 Rd7 23. Bd4 e5 24. Bb6 Rb7 25. Ba5 Nc7 26. Rf5 Ne6 27. Qg4 Rf8
28. Ne2 Nd4 29. Nxd4 exd4 30. Kb1 Bd7 31. Qg3 Bxf5 32. exf5 Qe5 33. Qh3 Qe3 34.
Qg4 Qg5 35. Qf3 Re7 36. Bb4 Re3 37. Qd5 Ree8 38. Bxd6 Rg8 39. Bf4 Qh4 40. Qf3
Be5 41. g3 Qf6 42. Bd2 Rc8 43. Qd3 Rgd8 44. h4 Qc6 45. Re1 Qc7 46. g4 Bg3 47.
Rh1 Bf4 48. Be1 Re8 49. Bf2 Be3 50. Be1 Qc4 51. Be2 Qxd3 52. Bxd3 Kg8 53. Rf1
h6 54. Bb4 Kf7 55. Rf3 Bg1 56. Rf1 Bh2 57. Kc1 Bg3 58. Rh1 Bf4+ 59. Kd1 1/2-1/2

[Event "17. Bayer Open"]
[Site "Leverkusen"]
[Date "2019.02.11"]
[Round "4.36"]
[White "Ramien, Dina"]
[Black "Meyer, Stefan"]
[Result "0-1"]
[WhiteElo "1548"]
[BlackElo "1756"]
[PlyCount "74"]
[EventDate "2019.??.??"]
[WhiteTeam "SG Porz"]
[BlackTeam "Ratinger SK"]

1. e4 Nf6 2. Nc3 e5 3. Nf3 Nc6 4. Bb5 Nd4 5. Bc4 Nxf3+ 6. Qxf3 Be7 7. d3 O-O 8.
Qg3 d6 9. O-O c6 10. Bb3 Nd7 11. Ne2 Nc5 12. f4 Nxb3 13. axb3 f5 14. fxe5 fxe4
15. Bh6 Rxf1+ 16. Rxf1 Bf8 17. dxe4 dxe5 18. Bg5 Be7 19. Bxe7 Qxe7 20. Qf3 Be6
21. Ng3 g6 22. Qf6 Qxf6 23. Rxf6 Re8 24. Kf1 Kg7 25. Rf2 Rd8 26. Ke1 a5 27. Rd2
Rd4 28. Rxd4 exd4 29. Kd2 Kf6 30. Kd3 Ke5 31. Ne2 c5 32. g3 b5 33. c3 c4+ 34.
bxc4 Bxc4+ 35. Kd2 Bxe2 36. Kxe2 dxc3 37. bxc3 Kxe4 0-1

[Event "17. Bayer Open"]
[Site "Leverkusen"]
[Date "2019.02.11"]
[Round "4.37"]
[White "Hertling, Jürgen"]
[Black "Wehr, Günter"]
[Result "1-0"]
[WhiteElo "1576"]
[BlackElo "1417"]
[PlyCount "87"]
[EventDate "2019.??.??"]
[WhiteTeam "Bergische SF"]
[BlackTeam "SV Opladen"]

1. d4 d5 2. c4 e6 3. Nc3 Nf6 4. cxd5 exd5 5. Qc2 Be7 6. Nf3 Nbd7 7. Bg5 h6 8.
Bh4 c6 9. e3 Nb6 10. h3 Nh5 11. Bxe7 Qxe7 12. Be2 Nf6 13. O-O O-O 14. Bd3 Be6
15. Rfe1 Qd7 16. Ne5 Qc8 17. Kh2 Nbd7 18. e4 Nxe5 19. dxe5 Qc7 20. exd5 Nxd5
21. Nxd5 Bxd5 22. f4 f6 23. Bc4 Bxc4 24. Qxc4+ Kh8 25. e6 Rfe8 26. g3 Re7 27.
f5 Rd8 28. Re2 Rd5 29. Rf1 b5 30. Qf4 Qd8 31. Rff2 a5 32. Rd2 a4 33. Rxd5 Qxd5
34. Rd2 Qxa2 35. Qb8+ Kh7 36. Qd8 Rxe6 37. fxe6 Qxe6 38. Qd3+ Kh8 39. Re2 Qf7
40. Qc2 f5 41. Qxc6 f4 42. Re8+ Kh7 43. Qe4+ Qg6 44. Rh8+ 1-0

[Event "17. Bayer Open"]
[Site "Leverkusen"]
[Date "2019.02.11"]
[Round "4.38"]
[White "Esser, Heinz"]
[Black "Kronseder, Michael"]
[Result "0-1"]
[WhiteElo "1324"]
[BlackElo "1655"]
[PlyCount "56"]
[EventDate "2019.??.??"]
[WhiteTeam "SV Dormagen"]
[BlackTeam "SV Hürth-Berrenrath"]

1. c4 e5 2. Nc3 Nc6 3. g3 f5 4. Bg2 Nf6 5. e3 d5 6. cxd5 Nb4 7. Nge2 Nd3+ 8.
Kf1 Ng4 9. f3 Ngf2 10. Qa4+ Bd7 11. Qc2 Nb4 12. Qb1 Nxh1 13. Bxh1 Be7 14. a3
Na6 15. b4 O-O 16. Kg1 c6 17. d4 exd4 18. Nxd4 Bf6 19. Qb3 Kh8 20. f4 c5 21.
Ne6 Bxe6 22. dxe6 Bxc3 23. Qxc3 Qd1+ 24. Kg2 cxb4 25. axb4 Rac8 26. e7 Rfe8 27.
Qe5 Rc2+ 28. Kh3 Qh5# 0-1

[Event "17. Bayer Open"]
[Site "Leverkusen"]
[Date "2019.02.11"]
[Round "4.40"]
[White "Teuber, Alfons"]
[Black "Falge, Rainer"]
[Result "0-1"]
[WhiteElo "978"]
[BlackElo "1524"]
[PlyCount "110"]
[EventDate "2019.??.??"]
[WhiteTeam "BSW Opladen"]
[BlackTeam "Langenfelder SF"]

1. c4 d6 2. d4 g6 3. Nc3 Nf6 4. e3 Bg7 5. h3 O-O 6. Nf3 c6 7. Bd3 Nbd7 8. Ng5
h6 9. Nge4 Nb6 10. Nxf6+ Bxf6 11. Ne4 Bg7 12. c5 dxc5 13. Nxc5 Nd7 14. Ne4 e5
15. Nc5 Nxc5 16. dxc5 Qa5+ 17. Bd2 Qxc5 18. Bc3 Rd8 19. O-O e4 20. Bd4 Bxd4 21.
Qc2 Qxc2 22. Bxc2 Bxb2 23. Rab1 Bf6 24. Bxe4 Be5 25. f4 Bc7 26. Bc2 Bb6 27. Rf3
Be6 28. Bb3 Bf5 29. Rb2 Re8 30. Kf2 Rad8 31. Ke2 Bd3+ 32. Kf2 Be4 33. Rg3 Rd3
34. Ke2 Bf5 35. Bc2 Rdxe3+ 36. Rxe3 Rxe3+ 37. Kf1 Bxc2 38. Rxc2 Kf8 39. h4 Ke7
40. Rb2 Kf6 41. Rd2 Re4 42. g3 Rd4 43. Rb2 Rd7 44. Re2 Bd4 45. g4 c5 46. Re8 c4
47. Re4 b5 48. Ke2 Re7 49. Kf3 Rxe4 50. Kxe4 c3 51. Kd3 b4 52. Kc2 a5 53. Kd3
a4 54. g5+ Kf5 55. Kxd4 c2 0-1

[Event "17. Bayer Open"]
[Site "Leverkusen"]
[Date "2019.02.11"]
[Round "4.41"]
[White "Marcziter, Alex"]
[Black "Janssen, Wolfgang"]
[Result "0-1"]
[WhiteElo "1183"]
[BlackElo "1573"]
[PlyCount "34"]
[EventDate "2019.??.??"]
[WhiteTeam "SG Porz"]
[BlackTeam "SV Dormagen"]

1. e4 c5 2. Nf3 a6 3. d4 cxd4 4. Nxd4 e5 5. Nb3 Nf6 6. Nc3 Bb4 7. Bd2 O-O 8.
Bd3 d5 9. O-O Nc6 10. a3 Bxc3 11. Bxc3 dxe4 12. Be2 Qc7 13. Qc1 Nd5 14. Bd2 Bf5
15. f4 Nd4 16. fxe5 Nxe2+ 17. Kh1 Nxc1 0-1